Medicinal chemistry/ (Record no. 160484)

MARC details
000 -LEADER
fixed length control field 00598nam a22002057a 4500
005 - DATE AND TIME OF LATEST TRANSACTION
control field 20190130165238.0
010 ## - LCCN (DPL NO)
LC control number ENG-124685
020 ## - INTERNATIONAL STANDARD BOOK NUMBER
International Standard Book Number 9789352301959
Terms of availability 450.00
035 ## - SYSTEM CONTROL NUMBER
System control number EN-108217
037 ## - SOURCE OF ACQUISITION
Source of stock number/acquisition DBAD/PUB
082 ## - DEWEY DECIMAL CLASSIFICATION NUMBER
Classification number 615.19
100 ## - MAIN ENTRY--PERSONAL NAME
Personal name Nadendla,Rama Rao
245 ## - TITLE STATEMENT
Title Medicinal chemistry/
Statement of responsibility, etc by Rama Rao Nadendla
260 ## - PUBLICATION, DISTRIBUTION, ETC. (IMPRINT)
Place of publication, distribution, etc New Delhi
Name of publisher, distributor, etc Pharmamed
Date of publication, distribution, etc 2018
270 ## - ADDRESS
Address 4-4-309/316,Giriraj Lane,Sultan Bazar
City Hyderabad
Postal code 500095
300 ## - PHYSICAL DESCRIPTION
Extent 388p.
Dimensions 24cm.(pbk)
Other physical details ill
500 ## - GENERAL NOTE
General note Its includes index.
700 ## - ADDED ENTRY--PERSONAL NAME
Personal name Sarin,Charu
942 ## - ADDED ENTRY ELEMENTS (KOHA)
Source of classification or shelving scheme Dewey Decimal Classification
Item type English Books
Call number suffix NAD
Classification part 615.19
Holdings
Withdrawn status Lost status Not for loan Collection code Home library Current library Date acquired Source of acquisition Cost, normal purchase price Full call number Barcode Copy number Cost, replacement price Koha item type
    Not For Loan Non-fiction D.B.Act.Division Patel Nagar 30/01/2019 DBAD/PUB 450.00 615.19 NAD EN-108217 1 450.00 English Books

© Delhi Public Library
Hit Counter
free hit counter